header

White enough to be American? (Record no. 48861)

MARC details
000 -LEADER
fixed length control field 02108nam a2200457 a 4500
082 04 - DEWEY DECIMAL CLASSIFICATION NUMBER
Classification number 323.1197
100 1# - MAIN ENTRY--AUTHOR NAME
Personal name Basson, Lauren L.
245 10 - TITLE STATEMENT
Title White enough to be American?
260 ## - PUBLICATION, DISTRIBUTION, ETC. (IMPRINT)
Place of publication Chapel Hill :
Name of publisher University of North Carolina Press,
Year of publication c2008.
300 ## - PHYSICAL DESCRIPTION
Number of Pages xiv, 238 p. :
Other physical details ill.
650 #0 - SUBJECT ADDED ENTRY--TOPICAL TERM
Topical Term Indians of North America
Topical Term Racially mixed people
Topical Term Racially mixed people
Topical Term Indians of North America
Topical Term Indians of North America
Topical Term Miscegenation
Topical Term European Americans
Topical Term Citizenship
Topical Term Nationalism
856 40 - ELECTRONIC LOCATION AND ACCESS
Uniform Resource Identifier http://site.ebrary.com/lib/rucke/Doc?id=10641228

No items available.

© 2026 Rongo University
Contact us: librarian | system librarian | Rongo university